000 00871nam a2200265 i 4500
003 EG-GICUC
005 20260308180852.0
008 260308s1931 fr ||||fr|||| 000 0 fre d
040 _aEG-GiCUC
_bfre
_cEG-GiCUC
_dEG-GiCUC
_eRda
082 0 4 _221
_a341.6
_bIN
092 0 4 _221
099 _aLaw1 11 341.6 IN 1931
245 0 3 _aL'inviolabilité Des Navires-hopitaux :
_bEt L'expérience De La Guerre 1914-1948 /
_c
_n
264 1 _aParis :
_bLibrairie Du Recueil Sirey,
_c1931.
300 _a192page :
_billustration ;
_c 24 cm.
336 _2rda contenu
_a texte
337 _2rda medias
_aOrdinateur
338 _2 transporteur rda
_a Ressource en ligne
546 _aTexte en français
650 1 4 _aDroit international public
_2
651 1 _2
856 4 0 _uhttps://fll.law.cu.edu.eg/fulltext/bks/B11-08511.pdf
905 _a50
942 _2ddc
_cBK
_e21
_n0
999 _c65833
_d65833